[Event "19. Wch 2009 Veteranos"]
[Site "Condino ITA"]
[Date "2009.10.30"]
[Round "4.28"]
[White "Rooze, Jan"]
[Black "Kulago, Alexander"]
[Result "1/2-1/2"]
[WhiteElo "2253"]
[BlackElo "2117"]
[PlyCount "71"]
[EventDate "2009.10.27"]
[EventType "swiss"]
[EventRounds "11"]
[EventCountry "ITA"]
[Source "lmi"]
[SourceDate "2009.10.27"]

1. e4 e5 2. Nf3 Nc6 3. Bb5 Nge7 4. c3 g6 5. d4 exd4 6. cxd4 d5 7. Bg5 dxe4 8.
Ne5 Bd7 9. Bxc6 Bxc6 10. Bf6 Rg8 11. Nxc6 bxc6 12. Nc3 Qd6 13. Be5 Qb4 14. O-O
f5 15. f3 exf3 16. Qxf3 O-O-O 17. Rfc1 Bg7 18. Qe2 Bxe5 19. dxe5 Rd4 20. Qa6+
Kb8 21. Kh1 Rgd8 22. a4 Qb6 23. Qf1 Rd2 24. Rd1 Qe3 25. Re1 Qf2 26. Qxf2 Rxf2
27. Rad1 Rdd2 28. Rxd2 Rxd2 29. Re2 Rd4 30. Kg1 Kc8 31. e6 Kd8 32. Re3 Ke8 33.
b3 Nd5 34. Nxd5 cxd5 35. Rc3 Kd8 36. e7+ 1/2-1/2

[Event "19. Wch 2009 Veteranos"]
[Site "Condino ITA"]
[Date "2009.10.30"]
[Round "4.30"]
[White "Ozbilen, Hayri"]
[Black "Anguera, Maestro Jaime"]
[Result "1-0"]
[WhiteElo "2113"]
[BlackElo "2235"]
[PlyCount "83"]
[EventDate "2009.10.27"]
[EventType "swiss"]
[EventRounds "11"]
[EventCountry "ITA"]
[Source "lmi"]
[SourceDate "2009.10.27"]

1. e4 c5 2. Nf3 Nc6 3. d3 g6 4. g3 Bg7 5. Bg2 d6 6. Nc3 e6 7. Be3 Nd4 8. Qd2
Ne7 9. O-O O-O 10. Bh6 Nxf3+ 11. Bxf3 Nc6 12. Bg2 Nd4 13. Rac1 Rb8 14. Bxg7
Kxg7 15. Nd1 e5 16. c3 Nc6 17. Ne3 Be6 18. b3 b5 19. f4 f6 20. f5 Bf7 21. Nc2
b4 22. cxb4 Nxb4 23. fxg6 hxg6 24. Ne3 Be6 25. a3 Nc6 26. b4 Nd4 27. Rb1 Qb6
28. Kh1 Nb3 29. Qd1 cxb4 30. Nf5+ Kf7 31. Rxb3 gxf5 32. Rxb4 Qc5 33. d4 exd4
34. Rxd4 fxe4 35. Bxe4 Rb2 36. Bd5 Rh8 37. Bxe6+ Kxe6 38. Rxd6+ Ke7 39. Rd7+
Ke6 40. Re1+ Kf5 41. Rd5+ Kg6 42. Qg4+ 1-0

[Event "19. Wch 2009 Veteranos"]
[Site "Condino ITA"]
[Date "2009.10.30"]
[Round "4.31"]
[White "Taksrud, Vidar"]
[Black "Candea, Gheorghe"]
[Result "1-0"]
[WhiteElo "2111"]
[BlackElo "2232"]
[PlyCount "71"]
[EventDate "2009.10.27"]
[EventType "swiss"]
[EventRounds "11"]
[EventCountry "ITA"]
[Source "lmi"]
[SourceDate "2009.10.27"]

1. Nc3 c5 2. Nf3 Nc6 3. d4 cxd4 4. Nxd4 g6 5. Bf4 Bg7 6. Nxc6 dxc6 7. Qxd8+
Kxd8 8. O-O-O+ Ke8 9. e4 Be6 10. Be2 Rd8 11. g4 Nf6 12. f3 h5 13. g5 Nd7 14.
Be3 Nb6 15. Rd3 Rxd3 16. cxd3 Be5 17. d4 Bb8 18. b3 Kd7 19. Kb2 Rc8 20. a4 Ke8
21. h4 Rd8 22. a5 Nc8 23. Na4 Bc7 24. Nc5 b6 25. Nxe6 fxe6 26. Rc1 Kd7 27. a6
Nd6 28. b4 Nb5 29. f4 Bd6 30. Kb3 Rf8 31. e5 Bb8 32. Bf3 Rc8 33. Be4 c5 34.
dxc5 bxc5 35. Rxc5 Nc7 36. Bc6+ 1-0

[Event "19. Wch 2009 Veteranos"]
[Site "Condino ITA"]
[Date "2009.10.30"]
[Round "4.32"]
[White "Ivanets, Vladimir"]
[Black "Andersson, Kaj"]
[Result "0-1"]
[WhiteElo "2231"]
[BlackElo "2092"]
[PlyCount "92"]
[EventDate "2009.10.27"]
[EventType "swiss"]
[EventRounds "11"]
[EventCountry "ITA"]
[Source "lmi"]
[SourceDate "2009.10.27"]

1. b4 d5 2. Nf3 Nf6 3. e3 Bf5 4. c4 c6 5. Nc3 e6 6. a3 Nbd7 7. Qb3 Be7 8. Be2
O-O 9. Bb2 dxc4 10. Bxc4 a6 11. O-O b5 12. Be2 c5 13. Nh4 c4 14. Qd1 Bd3 15.
Bxd3 cxd3 16. f4 Nb6 17. Nf3 Nc4 18. Qb3 Rc8 19. a4 Nd5 20. Nxd5 Qxd5 21. Bd4
Nxe3 22. Qxd3 Nxf1 23. Rxf1 Rfd8 24. Qb1 bxa4 25. Qa1 f6 26. Bc3 Rc4 27. Qxa4
Rxf4 28. d4 Rc8 29. Be1 Qc6 30. Qa3 Rf5 31. g4 Rb5 32. g5 a5 33. gxf6 gxf6 34.
Bh4 Qe4 35. Qa4 Qd5 36. bxa5 Rxa5 37. Qd1 Ra2 38. Qe1 Kh8 39. Qe3 Rg8+ 40. Kh1
Rg6 41. Rg1 Kg7 42. Qf4 Ra3 43. Rg3 Kf7 44. Rxg6 Rxf3 45. Qxf3 Qxf3+ 46. Rg2
Qd1+ 0-1

[Event "19. Wch 2009 Veteranos"]
[Site "Condino ITA"]
[Date "2009.10.30"]
[Round "4.33"]
[White "Trefzer, Erhard"]
[Black "Karl, Hans"]
[Result "0-1"]
[WhiteElo "2074"]
[BlackElo "2229"]
[PlyCount "86"]
[EventDate "2009.10.27"]
[EventType "swiss"]
[EventRounds "11"]
[EventCountry "ITA"]
[Source "lmi"]
[SourceDate "2009.10.27"]

1. e4 e5 2. Bc4 Nc6 3. Nf3 Nf6 4. d3 Bc5 5. c3 d6 6. Bb3 Qe7 7. h3 h6 8. Qe2
Be6 9. Be3 Bxe3 10. fxe3 d5 11. exd5 Bxd5 12. Bxd5 Nxd5 13. Nbd2 Rd8 14. g3 Qe6
15. e4 Nde7 16. Nb3 b6 17. d4 exd4 18. Nbxd4 Nxd4 19. Nxd4 Qg6 20. Qf3 O-O 21.
O-O-O Qg5+ 22. Kb1 c5 23. h4 Qe5 24. Nf5 Nxf5 25. exf5 Rfe8 26. Rd3 c4 27. Rdd1
b5 28. g4 Rxd1+ 29. Rxd1 Qe4+ 30. Qxe4 Rxe4 31. Rd4 Rxd4 32. cxd4 Kf8 33. Kc2
b4 34. Kd2 Ke7 35. Ke3 Kd6 36. Ke4 f6 37. h5 a5 38. d5 a4 39. Kd4 c3 40. bxc3
b3 41. axb3 a3 42. c4 a2 43. c5+ Kd7 0-1

[Event "19. Wch 2009 Veteranos"]
[Site "Condino ITA"]
[Date "2009.10.30"]
[Round "4.34"]
[White "Rosino, Antonio"]
[Black "Tribuiani, Renato"]
[Result "1-0"]
[WhiteElo "2229"]
[BlackElo "2071"]
[PlyCount "71"]
[EventDate "2009.10.27"]
[EventType "swiss"]
[EventRounds "11"]
[EventCountry "ITA"]
[Source "lmi"]
[SourceDate "2009.10.27"]

1. e4 c5 2. Nf3 e6 3. c3 b6 4. d4 Nf6 5. e5 Nd5 6. c4 Nc7 7. d5 d6 8. Nc3 dxe5
9. Nxe5 Bb7 10. Qa4+ Nd7 11. Bf4 Na6 12. dxe6 fxe6 13. O-O-O Nab8 14. Nb5 a6
15. Nd6+ Bxd6 16. Rxd6 O-O 17. Be3 Bc8 18. Nxd7 Nxd7 19. Be2 Qe7 20. Rhd1 Nf6
21. Rxb6 Bb7 22. f3 Rfd8 23. Qb3 Rxd1+ 24. Bxd1 Ra7 25. Qd3 Ne8 26. Ba4 Nf6 27.
Qd6 Qxd6 28. Rxd6 Ra8 29. Rb6 Bc8 30. Bxc5 Nd7 31. Rc6 Ne5 32. Rc7 Nxc4 33. Bc6
Rb8 34. Ba7 Rxb2 35. Rxc8+ Kf7 36. Be8+ 1-0

[Event "19. Wch 2009 Veteranos"]
[Site "Condino ITA"]
[Date "2009.10.30"]
[Round "4.36"]
[White "Zoltek, Tadeusz"]
[Black "Pipitone, Antonio"]
[Result "0-1"]
[WhiteElo "2214"]
[BlackElo "2058"]
[PlyCount "82"]
[EventDate "2009.10.27"]
[EventType "swiss"]
[EventRounds "11"]
[EventCountry "ITA"]
[Source "lmi"]
[SourceDate "2009.10.27"]

1. c4 Nf6 2. Nc3 g6 3. g3 Bg7 4. Bg2 O-O 5. d3 d6 6. e4 e5 7. Nge2 Nc6 8. O-O
Be6 9. h3 a6 10. Kh2 Rb8 11. a4 Nd7 12. f4 f5 13. exf5 gxf5 14. Nd5 Ne7 15.
Ndc3 Ng6 16. Rb1 h5 17. h4 Nf6 18. Qe1 Ng4+ 19. Kh1 c6 20. Nd1 Qd7 21. Nf2 d5
22. Nxg4 fxg4 23. cxd5 Bxd5 24. Qd1 Rbd8 25. f5 Rxf5 26. Bg5 Bxg2+ 27. Kxg2
Qd5+ 28. Kh2 Rdf8 29. Rxf5 Rxf5 30. Be3 Rf3 31. Nc3 Qf7 32. Qe2 Bh6 33. Bc5 Qf6
34. Ne4 Qd8 35. b4 Rxd3 36. Rf1 Bg7 37. Rf2 Rd1 38. Nc3 Rd3 39. Qe4 Nxh4 40.
gxh4 Qxh4+ 41. Kg1 Rxc3 0-1

[Event "19. Wch 2009 Veteranos"]
[Site "Condino ITA"]
[Date "2009.10.30"]
[Round "4.37"]
[White "Acers, Jude"]
[Black "Rotelli, Pietro"]
[Result "1-0"]
[WhiteElo "2226"]
[BlackElo "1979"]
[PlyCount "41"]
[EventDate "2009.10.27"]
[EventType "swiss"]
[EventRounds "11"]
[EventCountry "ITA"]
[Source "lmi"]
[SourceDate "2009.10.27"]

1. d4 d5 2. Bg5 c6 3. Nc3 g6 4. f3 Bg7 5. Qd2 h6 6. Bh4 g5 7. Bg3 Nf6 8. e4 Be6
9. e5 Nh5 10. Bf2 Nf4 11. h4 Bf5 12. hxg5 hxg5 13. Rxh8+ Bxh8 14. g3 Ne6 15.
Bd3 Bxd3 16. Qxd3 Nd7 17. f4 gxf4 18. gxf4 Nxf4 19. Qh7 Ng6 20. e6 Ndf8 21.
Qxf7# 1-0

[Event "19. Wch 2009 Veteranos"]
[Site "Condino ITA"]
[Date "2009.10.30"]
[Round "4.38"]
[White "Cernea, Radu"]
[Black "Gutman, Lev"]
[Result "0-1"]
[WhiteElo "2064"]
[BlackElo "2457"]
[PlyCount "78"]
[EventDate "2009.10.27"]
[EventType "swiss"]
[EventRounds "11"]
[EventCountry "ITA"]
[Source "lmi"]
[SourceDate "2009.10.27"]

1. d4 Nf6 2. c4 g6 3. Nc3 Bg7 4. e4 O-O 5. Nge2 c6 6. Ng3 a6 7. Be2 b5 8. Be3
bxc4 9. Bxc4 d5 10. Be2 dxe4 11. Ngxe4 Nd5 12. Nxd5 cxd5 13. Nc5 Nc6 14. O-O e5
15. dxe5 d4 16. Bf4 Nxe5 17. Nd3 Nxd3 18. Bxd3 Bb7 19. Qd2 Qd5 20. f3 Rfe8 21.
Rac1 Rac8 22. b3 Rc3 23. Bc4 Qf5 24. Rce1 Rxe1 25. Rxe1 h5 26. Bh6 Bf6 27. Qf4
Qxf4 28. Bxf4 g5 29. Be5 Kg7 30. a4 a5 31. Bxf6+ Kxf6 32. Re2 Bc6 33. Rd2 Ke5
34. Re2+ Kd6 35. Rd2 Kc5 36. Bxf7 h4 37. h3 Bd5 38. Bxd5 Kxd5 39. Rb2 d3 0-1

[Event "19. Wch 2009 Veteranos"]
[Site "Condino ITA"]
[Date "2009.10.30"]
[Round "4.39"]
[White "Vrhovnik, Damir"]
[Black "Titz, Heimo"]
[Result "1-0"]
[WhiteElo "2045"]
[BlackElo "2265"]
[PlyCount "55"]
[EventDate "2009.10.27"]
[EventType "swiss"]
[EventRounds "11"]
[EventCountry "ITA"]
[Source "lmi"]
[SourceDate "2009.10.27"]

1. c4 c5 2. Nf3 Nc6 3. d4 cxd4 4. Nxd4 g6 5. e4 Bg7 6. Be3 d6 7. Nc3 Nf6 8. Be2
O-O 9. O-O Nxd4 10. Bxd4 Be6 11. Qd2 Nd7 12. Bxg7 Kxg7 13. f4 Qb6+ 14. Kh1 Qc5
15. b3 Nf6 16. Rae1 a6 17. a4 Rfd8 18. f5 Bd7 19. Rf3 h6 20. fxg6 fxg6 21. Nd5
Nxd5 22. exd5 e5 23. dxe6 Bxe6 24. Bd3 Bf5 25. Qc3+ Kf7 26. b4 Qc8 27. Re7+
Kxe7 28. Qg7+ 1-0

[Event "19. Wch 2009 Veteranos"]
[Site "Condino ITA"]
[Date "2009.10.30"]
[Round "4.40"]
[White "Hajenius, Willem"]
[Black "Gruzmann, Boris"]
[Result "0-1"]
[WhiteElo "2025"]
[BlackElo "2251"]
[PlyCount "68"]
[EventDate "2009.10.27"]
[EventType "swiss"]
[EventRounds "11"]
[EventCountry "ITA"]
[Source "lmi"]
[SourceDate "2009.10.27"]

1. d4 Nf6 2. c4 d6 3. Nc3 Bf5 4. Nf3 h6 5. d5 c5 6. g3 g5 7. Bg2 Bg7 8. O-O O-O
9. Nd2 Qc8 10. e4 Bh3 11. Re1 Kh8 12. e5 dxe5 13. Rxe5 Ng8 14. Re1 Bxg2 15.
Kxg2 Nd7 16. Nf3 g4 17. Nh4 Ne5 18. Bf4 Nxc4 19. Qc2 Nd6 20. Re2 Qd7 21. Rae1
Rae8 22. Re6 Bf6 23. R6e3 Bxh4 24. Bxd6 exd6 25. gxh4 Rxe3 26. Rxe3 Nf6 27. Qe2
Qf5 28. Qd2 Kg7 29. f3 h5 30. fxg4 hxg4 31. Rg3 Nh5 32. Re3 Nf4+ 33. Kg3 Ng6
34. Re4 Qf3# 0-1

[Event "19. Wch 2009 Veteranos"]
[Site "Condino ITA"]
[Date "2009.10.30"]
[Round "4.42"]
[White "Salvo, Guglielmo"]
[Black "Hohler, Peter"]
[Result "0-1"]
[WhiteElo "1976"]
[BlackElo "2200"]
[PlyCount "38"]
[EventDate "2009.10.27"]
[EventType "swiss"]
[EventRounds "11"]
[EventCountry "ITA"]
[Source "lmi"]
[SourceDate "2009.10.27"]

1. e4 e5 2. Nf3 Nc6 3. Bc4 Nf6 4. Nc3 Nxe4 5. Bxf7+ Kxf7 6. Nxe4 d5 7. Ng3 e4
8. Ng1 Bc5 9. d3 Qf6 10. Qh5+ Kf8 11. Qe2 exd3 12. cxd3 Nd4 13. Qd1 h5 14. h3
Bd7 15. N1e2 h4 16. O-O hxg3 17. fxg3 Nf3+ 18. Kh1 Bxh3 19. Bg5 Bxg2+ 0-1

[Event "19. Wch 2009 Veteranos"]
[Site "Condino ITA"]
[Date "2009.10.30"]
[Round "4.44"]
[White "Karall, Lorenz"]
[Black "Estrada, Martinez Cesar"]
[Result "0-1"]
[WhiteElo "1965"]
[BlackElo "2175"]
[PlyCount "26"]
[EventDate "2009.10.27"]
[EventType "swiss"]
[EventRounds "11"]
[EventCountry "ITA"]
[Source "lmi"]
[SourceDate "2009.10.27"]

1. Nf3 c5 2. d4 cxd4 3. Qxd4 Nc6 4. Qa4 d5 5. e3 Nf6 6. Nc3 e6 7. Bd2 Bd7 8. a3
Be7 9. Qf4 O-O 10. Bd3 Rc8 11. Nd4 Qb6 12. Nxc6 Rxc6 13. Bb5 Rxc3 0-1

[Event "19. Wch 2009 Veteranos"]
[Site "Condino ITA"]
[Date "2009.10.30"]
[Round "4.45"]
[White "Sevenyuk, Alexey"]
[Black "Wahlund, Bengt"]
[Result "1-0"]
[WhiteElo "1900"]
[BlackElo "2163"]
[PlyCount "53"]
[EventDate "2009.10.27"]
[EventType "swiss"]
[EventRounds "11"]
[EventCountry "ITA"]
[Source "lmi"]
[SourceDate "2009.10.27"]

1. Nf3 Nf6 2. b3 b6 3. g3 Bb7 4. Bb2 e6 5. Bg2 Be7 6. O-O O-O 7. d4 c5 8. dxc5
Bxc5 9. Nbd2 d5 10. Ne5 Nc6 11. Nxc6 Bxc6 12. c4 Be7 13. e3 Rc8 14. cxd5 exd5
15. Nf3 Ne4 16. Nd4 Bd7 17. Qh5 f5 18. Rfd1 g6 19. Qe2 Bf6 20. Rac1 Qe7 21. Qa6
Bg5 22. Ba3 Rxc1 23. Rxc1 Qe5 24. Nf3 Qe6 25. Nxg5 Nxg5 26. Bxf8 Kxf8 27. Qxa7
1-0

[Event "19. Wch 2009 Veteranos"]
[Site "Condino ITA"]
[Date "2009.10.30"]
[Round "4.48"]
[White "Kock, Hans-Uwe"]
[Black "Schwertel, Johann"]
[Result "1-0"]
[WhiteElo "2137"]
[BlackElo "1975"]
[PlyCount "61"]
[EventDate "2009.10.27"]
[EventType "swiss"]
[EventRounds "11"]
[EventCountry "ITA"]
[Source "lmi"]
[SourceDate "2009.10.27"]

1. d4 d5 2. Nf3 Nf6 3. c4 c6 4. e3 Bf5 5. Qb3 Qb6 6. c5 Qxb3 7. axb3 e6 8. Nc3
Be7 9. b4 O-O 10. b5 a6 11. bxa6 Nxa6 12. Bxa6 Nd7 13. O-O Bd3 14. Bxd3 Rxa1
15. Bd2 Rxf1+ 16. Kxf1 Ra8 17. Ke2 g6 18. b4 b5 19. e4 Kg7 20. Kd1 f6 21. Kc2
h6 22. Kb2 f5 23. exd5 exd5 24. h4 Nf6 25. Ne5 Rc8 26. f3 Nh5 27. g4 Ng3 28.
Bf4 Bxh4 29. Nxg6 Kxg6 30. Bxg3 Kg5 31. Bxf5 1-0

[Event "19. Wch 2009 Veteranos"]
[Site "Condino ITA"]
[Date "2009.10.30"]
[Round "4.51"]
[White "Batakovs, Olegs"]
[Black "Vladov, Mark"]
[Result "1-0"]
[WhiteElo "2186"]
[BlackElo "1917"]
[PlyCount "81"]
[EventDate "2009.10.27"]
[EventType "swiss"]
[EventRounds "11"]
[EventCountry "ITA"]
[Source "lmi"]
[SourceDate "2009.10.27"]

1. e4 c5 2. Nf3 d6 3. d4 cxd4 4. Nxd4 g6 5. c4 Nf6 6. Nc3 Bg7 7. Be2 Nc6 8. Be3
a6 9. O-O O-O 10. h3 Nd7 11. a3 Rb8 12. Rb1 Re8 13. b4 Nf8 14. f4 e6 15. Qd2 f5
16. exf5 Nxd4 17. Bxd4 e5 18. fxe5 dxe5 19. Be3 Bxf5 20. Rbd1 Qxd2 21. Rxd2
Rbd8 22. Rfd1 Rxd2 23. Rxd2 e4 24. Nd5 Be5 25. c5 Kg7 26. Nf4 h6 27. Bc4 g5 28.
Ne2 Be6 29. Bd5 Bxd5 30. Rxd5 Bb2 31. Bd4+ Bxd4+ 32. Nxd4 Kf7 33. Kf2 Re7 34.
Ke3 Nd7 35. Nf5 Nf6 36. Nxe7 Kxe7 37. Rd6 h5 38. g3 Kf7 39. Kd4 Ke7 40. Rb6 e3
41. Rxb7+ 1-0

[Event "19. Wch 2009 Veteranos"]
[Site "Condino ITA"]
[Date "2009.10.30"]
[Round "4.52"]
[White "Zhelesny, Stanislav"]
[Black "Zurel, Maxim"]
[Result "1/2-1/2"]
[WhiteElo "2173"]
[BlackElo "1903"]
[PlyCount "60"]
[EventDate "2009.10.27"]
[EventType "swiss"]
[EventRounds "11"]
[EventCountry "ITA"]
[Source "lmi"]
[SourceDate "2009.10.27"]

1. Nf3 Nf6 2. g3 g6 3. Bg2 Bg7 4. O-O Nc6 5. d4 d5 6. Nbd2 O-O 7. c3 Re8 8. h3
e5 9. dxe5 Nxe5 10. Nxe5 Rxe5 11. Nf3 Re8 12. Bg5 Qd6 13. Bxf6 Bxf6 14. Qd2 c6
15. Rfe1 Qc7 16. Rad1 Bf5 17. a3 Rad8 18. Qf4 Qxf4 19. gxf4 Rd7 20. Nd4 Be6 21.
e3 Rde7 22. Nxe6 Rxe6 23. Rd2 Bh4 24. Rc1 f5 25. c4 dxc4 26. Rxc4 Rd8 27. Rcd4
Rxd4 28. Rxd4 Bf6 29. Rd7 Re7 30. Rd2 Kf7 1/2-1/2

[Event "19. Wch 2009 Veteranos"]
[Site "Condino ITA"]
[Date "2009.10.30"]
[Round "4.54"]
[White "Korenevski, Oleg"]
[Black "Stuart, Peter"]
[Result "1/2-1/2"]
[WhiteElo "1941"]
[BlackElo "2074"]
[PlyCount "64"]
[EventDate "2009.10.27"]
[EventType "swiss"]
[EventRounds "11"]
[EventCountry "ITA"]
[Source "lmi"]
[SourceDate "2009.10.27"]

1. d4 Nf6 2. Nf3 e6 3. e3 b6 4. Bd3 Bb7 5. O-O c5 6. dxc5 bxc5 7. b3 Be7 8. Bb2
O-O 9. c4 d6 10. Nbd2 Nc6 11. a3 Qc7 12. Bc3 Rfd8 13. Qc2 h6 14. b4 cxb4 15.
axb4 a5 16. bxa5 Nxa5 17. Ra2 Nc6 18. Rfa1 Rxa2 19. Rxa2 Ra8 20. Rxa8+ Bxa8 21.
Qa4 Qa7 22. Qxa7 Nxa7 23. Bxf6 Bxf6 24. Be4 Bc6 25. Kf1 Kf8 26. Ke2 Ke8 27. Nd4
Bxe4 28. Nxe4 Be7 29. g3 Kd7 30. h4 Bd8 31. Nb3 Bb6 32. c5 Bxc5 1/2-1/2

[Event "19. Wch 2009 Veteranos"]
[Site "Condino ITA"]
[Date "2009.10.31"]
[Round "5.1"]
[White "Kuindzhy, Alexander"]
[Black "Tseshkovsky, Vitaly"]
[Result "0-1"]
[WhiteElo "2420"]
[BlackElo "2549"]
[PlyCount "42"]
[EventDate "2009.10.27"]
[EventType "swiss"]
[EventRounds "11"]
[EventCountry "ITA"]
[Source "lmi"]
[SourceDate "2009.10.27"]

1. e4 c5 2. Ne2 Nc6 3. g3 h5 4. h3 d5 5. Bg2 dxe4 6. Nbc3 Nf6 7. Nxe4 Nxe4 8.
Bxe4 e5 9. d3 Be6 10. c3 Qd7 11. Qa4 Rc8 12. Be3 Bxh3 13. Qb5 Bg4 14. f3 Be6
15. Bxc5 a6 16. Qb6 f5 17. Bxf8 fxe4 18. Ba3 exf3 19. Ng1 Qxd3 20. Rh4 Rd8 21.
Qf2 g5 0-1

[Event "19. Wch 2009 Veteranos"]
[Site "Condino ITA"]
[Date "2009.10.31"]
[Round "5.2"]
[White "Suba, Mihai"]
[Black "Tseitlin, Mark D"]
[Result "1/2-1/2"]
[WhiteElo "2501"]
[BlackElo "2394"]
[PlyCount "111"]
[EventDate "2009.10.27"]
[EventType "swiss"]
[EventRounds "11"]
[EventCountry "ITA"]
[Source "lmi"]
[SourceDate "2009.10.27"]

1. Nf3 c5 2. c4 Nc6 3. Nc3 e5 4. g3 g6 5. Bg2 Bg7 6. O-O d6 7. a3 a5 8. d3 Nge7
9. Bd2 O-O 10. Rb1 h6 11. Qa4 Bd7 12. Rfc1 Nd4 13. Qd1 a4 14. Nxd4 exd4 15. Nd5
Nxd5 16. Bxd5 Bc6 17. Bxc6 bxc6 18. b4 axb3 19. Qxb3 Re8 20. Re1 Qd7 21. Kg2 h5
22. a4 h4 23. a5 d5 24. f3 Be5 25. Qb7 Qe6 26. cxd5 Qxd5 27. Qb3 Qd6 28. f4 Bf6
29. Qc4 Qd7 30. h3 hxg3 31. Qxc5 Re6 32. Rb2 Rae8 33. Bc1 Be7 34. Qc4 Ba3 35.
e4 dxe3 36. Rbe2 Bxc1 37. Rxc1 Rd6 38. Kxg3 Ree6 39. a6 Rd4 40. Qc5 Ra4 41. Rb1
Qc7 42. Rb4 Rxa6 43. Re4 Qd6 44. Qxe3 Rxe4 45. Qxe4 Ra3 46. Re3 c5 47. Kf3 Qf6
48. Qd5 Qa1 49. Qxc5 Qh1+ 50. Kg3 Qg1+ 51. Kf3 Qf1+ 52. Kg3 Rxd3 53. Rxd3 Qxd3+
54. Kg2 Qe2+ 55. Kg3 Qe1+ 56. Kg2 1/2-1/2

[Event "19. Wch 2009 Veteranos"]
[Site "Condino ITA"]
[Date "2009.10.31"]
[Round "5.3"]
[White "Chernikov, Oleg"]
[Black "Cebalo, Miso"]
[Result "1/2-1/2"]
[WhiteElo "2405"]
[BlackElo "2500"]
[PlyCount "29"]
[EventDate "2009.10.27"]
[EventType "swiss"]
[EventRounds "11"]
[EventCountry "ITA"]
[Source "lmi"]
[SourceDate "2009.10.27"]

1. d4 e6 2. Nf3 Nf6 3. e3 c5 4. Bd3 b6 5. O-O Bb7 6. Nbd2 cxd4 7. exd4 d6 8.
Qe2 Be7 9. Ne4 Nbd7 10. Bf4 Nxe4 11. Bxe4 Bxe4 12. Qxe4 O-O 13. Qd3 d5 14. a4
a6 15. Rfe1 1/2-1/2

[Event "19. Wch 2009 Veteranos"]
[Site "Condino ITA"]
[Date "2009.10.31"]
[Round "5.4"]
[White "Pushkov, Nikolai"]
[Black "Malisov, Boris"]
[Result "1/2-1/2"]
[WhiteElo "2499"]
[BlackElo "2377"]
[PlyCount "95"]
[EventDate "2009.10.27"]
[EventType "swiss"]
[EventRounds "11"]
[EventCountry "ITA"]
[Source "lmi"]
[SourceDate "2009.10.27"]

1. d4 d5 2. c4 c6 3. Nf3 Nf6 4. e3 Bf5 5. Nc3 e6 6. Nh4 Be4 7. f3 Bg6 8. Qb3
Qc7 9. Bd2 Nbd7 10. Nxg6 hxg6 11. O-O-O Be7 12. h3 O-O 13. Kb1 dxc4 14. Bxc4 b5
15. Be2 a6 16. g4 c5 17. g5 c4 18. Qc2 Nh5 19. Ne4 Rfc8 20. Rc1 a5 21. f4 a4
22. Qd1 Qb6 23. Rg1 Nf8 24. Bxh5 a3 25. b3 cxb3 26. Qxb3 Rxc1+ 27. Bxc1 gxh5
28. Nf6+ Kh8 29. Nxh5 Ra4 30. Bd2 Qc6 31. Ng3 Qf3 32. Qd1 Qd5 33. h4 Bb4 34.
Nf1 Bxd2 35. Nxd2 Rb4+ 36. Nb3 Qe4+ 37. Ka1 Qxe3 38. Qc1 Rxb3 39. axb3 Qxb3 40.
h5 b4 41. g6 fxg6 42. hxg6 Kg8 43. Rg2 Qf3 44. Rg1 Qe4 45. Qc4 b3 46. Rb1 b2+
47. Ka2 Nxg6 48. Ra1 1/2-1/2

[Event "19. Wch 2009 Veteranos"]
[Site "Condino ITA"]
[Date "2009.10.31"]
[Round "5.5"]
[White "Klovans, Janis"]
[Black "Vasiukov, Evgeni"]
[Result "1/2-1/2"]
[WhiteElo "2408"]
[BlackElo "2485"]
[PlyCount "136"]
[EventDate "2009.10.27"]
[EventType "swiss"]
[EventRounds "11"]
[EventCountry "ITA"]
[Source "lmi"]
[SourceDate "2009.10.27"]

1. e4 c5 2. Nf3 Nc6 3. d4 cxd4 4. Nxd4 Nf6 5. Nc3 d6 6. Bg5 Qb6 7. Nb3 e6 8.
Bxf6 gxf6 9. Qd2 a6 10. O-O-O Bd7 11. f4 h5 12. Be2 O-O-O 13. Rhf1 Be7 14. Rf3
Rdg8 15. Bf1 Kb8 16. Kb1 Rc8 17. Qe1 Rc7 18. Rh3 Nb4 19. Qe2 h4 20. a3 Nc6 21.
Qe1 Rhc8 22. Ka2 f5 23. exf5 d5 24. fxe6 Bxe6 25. Nxd5 Bxd5 26. Rxd5 Qg1 27. c3
Rd8 28. Rxd8+ Bxd8 29. g3 Re7 30. Qd1 Re3 31. gxh4 Rxh3 32. Qd6+ Bc7 33. Qf8+
Nd8 34. Bxh3 Qxh2 35. Bd7 Qxh4 36. f5 Qc4 37. Qe7 Qd5 38. f6 Qc4 39. Bf5 Nc6
40. Qf8+ Nd8 41. Qe8 Qc6 42. Qe7 Qc4 43. Qd7 Bb6 44. Bd3 Qc6 45. Qe7 Qd5 46.
Be4 Qc4 47. Qe5+ Qc7 48. Qf5 Qc8 49. Qf3 Qd7 50. Bd5 Qd6 51. Nd2 Bc7 52. c4 Qh2
53. Ne4 Be5 54. Qb3 Bd4 55. c5 Qc7 56. Nd6 Bxc5 57. Nxf7 Nxf7 58. Bxf7 Bd4 59.
Bc4 Bxf6 60. Bxa6 Bd4 61. Bc4 Qb6 62. Qc2 Qc5 63. Qd3 Qe5 64. Qb3 Qc5 65. Bd5
Qb6 66. Qg3+ Qc7 67. Qg2 Ka7 68. Qd2 Qc5 1/2-1/2

[Event "19. Wch 2009 Veteranos"]
[Site "Condino ITA"]
[Date "2009.10.31"]
[Round "5.6"]
[White "Klundt, Klaus"]
[Black "Danner, Georg"]
[Result "1/2-1/2"]
[WhiteElo "2337"]
[BlackElo "2440"]
[PlyCount "41"]
[EventDate "2009.10.27"]
[EventType "swiss"]
[EventRounds "11"]
[EventCountry "ITA"]
[Source "lmi"]
[SourceDate "2009.10.27"]

1. e4 c5 2. Nf3 Nc6 3. d4 cxd4 4. Nxd4 Nf6 5. Nc3 d6 6. Bc4 Qb6 7. Nb3 e6 8.
O-O Be7 9. Be3 Qc7 10. f4 O-O 11. Be2 a6 12. Bf3 e5 13. f5 b5 14. a3 Bb7 15.
Qd2 Nb8 16. g4 h6 17. g5 hxg5 18. Bxg5 Nbd7 19. Qg2 Rfc8 20. Kh1 Kf8 21. Rg1
1/2-1/2

[Event "19. Wch 2009 Veteranos"]
[Site "Condino ITA"]
[Date "2009.10.31"]
[Round "5.7"]
[White "Rukavina, Josip"]
[Black "Sloth, Jorn"]
[Result "1/2-1/2"]
[WhiteElo "2435"]
[BlackElo "2312"]
[PlyCount "53"]
[EventDate "2009.10.27"]
[EventType "swiss"]
[EventRounds "11"]
[EventCountry "ITA"]
[Source "lmi"]
[SourceDate "2009.10.27"]

1. c4 Nf6 2. Nf3 b6 3. g3 Bb7 4. Bg2 e6 5. O-O Be7 6. Nc3 O-O 7. d4 Ne4 8. Bd2
Bf6 9. Rc1 Nxc3 10. Bxc3 Be4 11. Qa4 a6 12. Rfd1 b5 13. Qb3 Nc6 14. a3 Rb8 15.
Qa2 bxc4 16. Qxc4 Qc8 17. Bf1 Bxf3 18. exf3 Rb6 19. Rc2 Ne7 20. Bb4 Rc6 21. Qd3
Rxc2 22. Qxc2 Qb7 23. Qa4 Qxf3 24. Rd3 Qd5 25. Rc3 c6 26. Qxa6 Re8 27. Bc5
1/2-1/2

[Event "19. Wch 2009 Veteranos"]
[Site "Condino ITA"]
[Date "2009.10.31"]
[Round "5.8"]
[White "Arkhangelsky, Boris"]
[Black "Butnorius, Algimantas"]
[Result "0-1"]
[WhiteElo "2292"]
[BlackElo "2433"]
[PlyCount "112"]
[EventDate "2009.10.27"]
[EventType "swiss"]
[EventRounds "11"]
[EventCountry "ITA"]
[Source "lmi"]
[SourceDate "2009.10.27"]

1. d4 Nf6 2. c4 e6 3. g3 c5 4. d5 exd5 5. cxd5 g6 6. Bg2 Bg7 7. Nf3 O-O 8. O-O
d6 9. Nc3 a6 10. a4 Re8 11. Bf4 Ne4 12. Nxe4 Rxe4 13. Ra2 Bg4 14. h3 Bxf3 15.
Bxf3 Re8 16. h4 h5 17. Qd2 Qe7 18. Bg5 Qf8 19. g4 hxg4 20. Bxg4 f5 21. Bf3 Nd7
22. Bg2 Nf6 23. Ra3 Ne4 24. Bxe4 Rxe4 25. Rg3 Rae8 26. Re1 Kh7 27. Kg2 Qf7 28.
e3 Rb4 29. h5 gxh5 30. Rh1 Rg4 31. Bf4 Be5 32. Rhh3 Bxf4 33. exf4 Reg8 34. f3
Rxg3+ 35. Rxg3 Rxg3+ 36. Kxg3 Kh6 37. Kh3 b5 38. axb5 axb5 39. Qg2 Qg6 40. Qe2
Qf7 41. Qg2 Qxd5 42. Qg5+ Kh7 43. Qe7+ Kg6 44. Qe8+ Qf7 45. Qxb5 Qe6 46. Qb6
Qd5 47. Kg3 Qd4 48. Qd8 h4+ 49. Kh3 Qxf4 50. Qe8+ Kf6 51. Qf8+ Ke5 52. Qh8+ Kd5
53. Qa8+ Kd4 54. Qa4+ c4 55. Qd1+ Kc5 56. b4+ cxb3 0-1